Evaluación sísmica de un edificio
Պահպանված է:
| Հիմնական հեղինակ: | |
|---|---|
| Ձևաչափ: | Գիրք |
| Հրապարակվել է: |
[San José , Costa Rica]
1984
|
| Խորագրեր: | |
| Ցուցիչներ: |
Ավելացրեք ցուցիչ
Չկան պիտակներ, Եղեք առաջինը, ով նշում է այս գրառումը!
|
MARC
| LEADER | 00000nam a2200000Ia 4500 | ||
|---|---|---|---|
| 003 | 002569 | ||
| 005 | 20221231144409.0 | ||
| 008 | 140114s1984 cr a m 000 ||s d | ||
| 040 | |c cru CEDI | ||
| 090 | |a TFG 1567 | ||
| 100 | |a Rojas Moya, Gustavo A. |9 14848 | ||
| 245 | |a Evaluación sísmica de un edificio | ||
| 260 | |c 1984 |a [San José , Costa Rica] | ||
| 300 | |a 143 páginas : ilustraciones ; 28 cm | ||
| 500 | |a Proyecto de graduación (ingeniero civil)--Universidad de Costa Rica. Escuela de Ingeniería Civil | ||
| 650 | |x DISEÑO DE ESTRUCTURAS |x CONSTRUCCION |x DETALLES |9 14849 | ||
| 942 | |c TFG |2 ddc | ||
| 999 | |c 21272 |d 21272 | ||
